| Поле | Инд. | ПП | Название | Значение |
|---|---|---|---|---|
| Тип записи | a | |||
| Библиографический уровень | m | |||
| 001 | Контрольный номер | RU/LIBMSTU/264092662 | ||
| 005 | Дата корректировки | 20230126095802.0 | ||
| 020 | 00 | a | ISBN | 5-94735-021-1 |
| c | Цена, тираж | 88-00 | ||
| 084 | a | Индекс другой классификации/Индекс ББК | 65.261+65.9(3) | |
| 090 | 00 | a | Полочн. индекс | 65.26 |
| x | Авторский знак | Р 83 | ||
| 100 | 10 | a | Автор | Рудый К. В. |
| 245 | 00 | a | Заглавие | Финансовые кризисы: теория, история, политика |
| 260 | 00 | a | Место издания | Москва |
| b | Издательство | Новое знание | ||
| c | Дата издания | 2003 | ||
| 300 | 00 | a | Объем | 399 с. |
| 650 | _4 | a | Основная рубрика | Финансовые кризисы-Международные финансовые отношения |
| 653 | 00 | a | Ключевые слова | Кризис банковский |
| a | Ключевые слова | Кризис валютный | ||
| a | Ключевые слова | Кризис долговой | ||
| a | Ключевые слова | Кризис финансовый | ||
| a | Ключевые слова | Отношения финансовые международные | ||
| a | Ключевые слова | Система валютно-финансовая | ||
| a | Ключевые слова | Управление антикризисное | ||
| 901 | t | Тип документа | m | |
| 990 | 00 | f | Даты поступлений (DOS) | 12.03 |